Measuring the competitiveness of the UK construction industry (Record no. 112562)

MARC details
000 -LEADER
fixed length control field 01291cad a22003015a 4500
001 - CONTROL NUMBER
control field L153513
008 - FIXED-LENGTH DATA ELEMENTS--GENERAL INFORMATION
fixed length control field 110803s2004 xxk 000 0 eng u
035 ## - SYSTEM CONTROL NUMBER
System control number (Sirsi) u153513
041 ## - LANGUAGE CODE
Language code of text/sound track or separate title eng
100 1# - MAIN ENTRY--PERSONAL NAME
Personal name Ive, Graham J.
245 ## - TITLE STATEMENT
Title Measuring the competitiveness of the UK construction industry
Remainder of title volume 1
Medium [electronic resource]
260 ## - PUBLICATION, DISTRIBUTION, ETC.
Place of publication, distribution, etc. [S.l.]
Name of publisher, distributor, etc. DTI
Date of publication, distribution, etc. 2004
490 #0 - SERIES STATEMENT
Series statement Construction Economics and Statistics
520 ## - SUMMARY, ETC.
Summary, etc. This research provides a sector competitiveness analysis of the UK construction industry. The study investigates the relative position (in terms of labour productivity levels and rates of change) of the UK construction industry compared to the construction industries of France, Germany and the USA.
651 #4 - SUBJECT ADDED ENTRY--GEOGRAPHIC NAME
Geographic name United Kingdom
Chronological subdivision
651 #4 - SUBJECT ADDED ENTRY--GEOGRAPHIC NAME
Geographic name France
651 #4 - SUBJECT ADDED ENTRY--GEOGRAPHIC NAME
Geographic name Germany
Chronological subdivision 1990-
651 #4 - SUBJECT ADDED ENTRY--GEOGRAPHIC NAME
Geographic name United States
Chronological subdivision 1959-
690 ## - LOCAL SUBJECT ADDED ENTRY--TOPICAL TERM (OCLC, RLIN)
Topical term or geographic name as entry element BUILT ENVIRONMENT-CONSTRUCTION MARKET
700 1# - ADDED ENTRY--PERSONAL NAME
Personal name Gruneberg, Stephen
700 1# - ADDED ENTRY--PERSONAL NAME
Personal name Meikle, Jim
700 1# - ADDED ENTRY--PERSONAL NAME
Personal name Crosthwaite, David
710 1# - ADDED ENTRY--CORPORATE NAME
Corporate name or jurisdiction name as entry element University College London
9 (RLIN) 3552
710 1# - ADDED ENTRY--CORPORATE NAME
Corporate name or jurisdiction name as entry element Davis Langdon Consultancy
9 (RLIN) 1686
710 1# - ADDED ENTRY--CORPORATE NAME
Corporate name or jurisdiction name as entry element United Kingdom
Subordinate unit Department of Trade and Industry
856 40 - ELECTRONIC LOCATION AND ACCESS
Uniform Resource Identifier <a href="https://www.bis.gov.uk/files/file19028.pdf">https://www.bis.gov.uk/files/file19028.pdf</a>
Public note View this item free of charge at www.bis.gov.uk
942 ## - ADDED ENTRY ELEMENTS (KOHA)
Suppress in OPAC 0
Holdings
Withdrawn status Lost status Source of classification or shelving scheme Damaged status Not for loan Home library Current library Shelving location Date acquired Total Checkouts Full call number Barcode Date last seen Copy number Price effective from Koha item type
    Dewey Decimal Classification     Virtual Virtual Online 03/08/2011   ONLINE PUBLICATION 153513-2001 06/08/2019 1 06/08/2019 Book